Statistics for Naruto Quiz

Click here to take the quiz!

General Stats

  • This quiz has been taken 21 times
  • The average score is 33 of 67

Answer Stats

HintAnswer% Correct
LeafNaruto
100%
LeafSasuke
94%
LeafKakashi
89%
LeafSakura
83%
LeafChoji
78%
LeafIno
78%
LeafItachi
78%
RainPain
78%
LeafObito/Tobi
72%
LeafShino
72%
LeafHinata
67%
SoundKabuto
67%
LeafKiba
67%
LeafLee
67%
LeafMinato
67%
RainNagato
67%
LeafNeji
67%
Sound/LeafOrochimaru
67%
LeafTenten
67%
LeafTsunade
67%
LeafAsuma
61%
AkatsukiDeidara
61%
SandGaara
61%
AkatsukiHidan
61%
SandKankuro
61%
RainKonan
61%
LeafSai
61%
LeafSai
61%
LeafShikamaru
61%
SandTemari
61%
LeafTobirama
61%
LeafGuy
56%
LeafHashirama
56%
MistKisame
56%
LeafMadara
56%
SandSasori
56%
MistHaku
50%
LeafHiruzen
50%
LeafJiraiya
50%
AkatsukiKakuzu
50%
LeafKurenai
50%
LeafYamato
50%
MistZabuza
44%
LeafAkamaru
39%
LeafKushina
39%
SandBaki
33%
LeafChoza
33%
LeafRin
33%
LeafShisui
33%
LeafHayate
28%
LeafInoichi
28%
LeafShukaku
28%
LeafKarin
22%
LeafKonohamaru
22%
MistSuigetsu
22%
SoundDosu
17%
LeafHanabi
17%
LeafHiashi
17%
LeafHizashi
17%
SoundJugo
17%
SoundKin
17%
SoundZaku
17%
LeafEbisu
11%
LeafMito
11%
LeafAyame
0%
LeafShibi
0%
SoundYoroi
0%

Score Distribution

Percentile by Number Answered

Percent of People with Each Score

Your Score History

You have not taken this quiz